Prominentná obeť slabého hotelového trhu

Problematika slovenského hotelového trhu - málo turistov, veľa hotelových izieb. Značka Kempinski z Bratislavy 1. augusta zmizne. Nový názov hotela - Grand Hotel River Park s podtitulom The Luxury Collection Hotel. Zmluva o franšízingu. Koniec zlatých časov. Hotel Kempinski v Tatrách zostáva.

Uložené v:
Podrobná bibliografia
Hlavný autor: Horváthová, Jarmila
Médium: Kapitola
Jazyk:Slovak
Predmet:
Tagy: Pridať tag
Žiadne tagy, Buďte prvý, kto otaguje tento záznam!

MARC

LEADER 00000naa a2200000 4500
001 0201813
005 20231113103318.8
041 0 |a slo 
044 |a SK 
245 1 0 |a Prominentná obeť slabého hotelového trhu  |c Jarmila Horváthová 
520 |a Problematika slovenského hotelového trhu - málo turistov, veľa hotelových izieb. Značka Kempinski z Bratislavy 1. augusta zmizne. Nový názov hotela - Grand Hotel River Park s podtitulom The Luxury Collection Hotel. Zmluva o franšízingu. Koniec zlatých časov. Hotel Kempinski v Tatrách zostáva. 
610 2 0 |a hotely 
610 2 0 |a hotelierstvo 
610 2 0 |a manažment 
610 2 0 |a riadenie 
610 2 0 |a franšíza 
610 2 0 |a tržby 
100 1 |a Horváthová, Jarmila